Теория механизмов и машин: учебное пособие для бакалавров
| 1. autor: | |
|---|---|
| Streszczenie: | Электронная копия печатного издания Режим доступа: из корпоративной сети ТПУ |
| Język: | rosyjski |
| Wydane: |
Москва, Юрайт, 2013
|
| Wydanie: | 2-е изд. |
| Seria: | Бакалавр. Базовый курс Бакалавр. Углубленный курс Электронные учебники издательства Юрайт |
| Hasła przedmiotowe: | |
| Dostęp online: | http://www.lib.tpu.ru/fulltext2/m/2013/FN/fn-2412.pdf |
| Format: | Elektroniczne Książka |
| KOHA link: | https://koha.lib.tpu.ru/cgi-bin/koha/opac-detail.pl?biblionumber=242848 |
MARC
| LEADER | 00000nlm0a2200000 4500 | ||
|---|---|---|---|
| 001 | 242848 | ||
| 005 | 20231101231926.0 | ||
| 035 | |a (RuTPU)RU\TPU\book\264170 | ||
| 090 | |a 242848 | ||
| 100 | |a 20130911d2013 m y0rusy50 ca | ||
| 101 | 0 | |a rus | |
| 102 | |a RU | ||
| 105 | |a y j 000zy | ||
| 135 | |a vocna---uucaa | ||
| 181 | 0 | |a i | |
| 182 | 0 | |a b | |
| 200 | 1 | |a Теория механизмов и машин |b Электронный ресурс |e учебное пособие для бакалавров |f Г. А. Тимофеев | |
| 203 | |a Текст |c электронный | ||
| 205 | |a 2-е изд. | ||
| 210 | |a Москва |c Юрайт |d 2013 | ||
| 215 | |a 1 Мультимедиа CD-ROM | ||
| 225 | 1 | |a Бакалавр. Базовый курс | |
| 225 | 1 | |a Бакалавр. Углубленный курс | |
| 225 | 1 | |a Электронные учебники издательства Юрайт | |
| 230 | |a Мультимедиа ресурсы (10 директорий; 100 файлов; 740MB) | ||
| 300 | |a Электронная копия печатного издания | ||
| 333 | |a Режим доступа: из корпоративной сети ТПУ | ||
| 337 | |a Pentium 100 MHz, 16 Mb RAM, Windows 95/98/NT/2000, CDROM, SVGA, звуковая карта, Internet Explorer 5.0 и выше | ||
| 452 | 1 | |0 (RuTPU)RU\TPU\book\226111 |y 978-5-9916-1137-4 |t Теория механизмов и машин |o учебное пособие для вузов |f Г. А. Тимофеев |g Московский государственный технический университет им. Н. Э. Баумана (МГТУ) |e 2-е изд., перераб. и доп. |c М. |n Юрайт |d 2011 |p 351 с. |s Основы наук |a Тимофеев, Геннадий Алексеевич | |
| 452 | |y 978-5-9692-1104-9 | ||
| 606 | 1 | |a Механизмы и машины |x Теория |2 stltpush |3 (RuTPU)RU\TPU\subj\64695 |9 81456 | |
| 610 | 1 | |a классификация | |
| 610 | 1 | |a структурный синтез | |
| 610 | 1 | |a плоские рычажные механизмы | |
| 610 | 1 | |a проектирование | |
| 610 | 1 | |a динамика | |
| 610 | 1 | |a движение | |
| 610 | 1 | |a роторы | |
| 610 | 1 | |a балансировка | |
| 610 | 1 | |a виброзащита | |
| 610 | 1 | |a передачи | |
| 610 | 1 | |a лекции | |
| 610 | 1 | |a учебные пособия | |
| 610 | 1 | |a CD-ROM | |
| 675 | |a 621.01(075.8) |v 3 | ||
| 700 | 1 | |a Тимофеев |b Г. А. |g Геннадий Алексеевич | |
| 801 | 1 | |a RU |b 63413507 |c 20130911 | |
| 801 | 2 | |a RU |b 63413507 |c 20130926 |g RCR | |
| 856 | 4 | |u http://www.lib.tpu.ru/fulltext2/m/2013/FN/fn-2412.pdf | |
| 900 | |a Теория механизмов и машин | ||
| 942 | |c CF | ||